Una aproximación a la política / (Record no. 94143)

MARC details
000 -LEADER
campo de control de longitud fija 00653nam a2200217 i 4500
001 - NÚMERO DE CONTROL
campo de control 94143
003 - IDENTIFICADOR DE NÚMERO DE CONTROL
campo de control ES-MaACL
005 - FECHA Y HORA DE LA ÚLTIMA TRANSACCIÓN
campo de control 20250729062624.0
007 - CAMPO FIJO DE DESCRIPCIÓN FÍSICA--INFORMACIÓN GENERAL
campo de control de longitud fija t|
008 - DATOS DE LONGITUD FIJA--INFORMACIÓN GENERAL
campo de control de longitud fija 050624s2005 sp ||||1| spa d
020 ## - NÚMERO INTERNACIONAL ESTÁNDAR DEL LIBRO
Número Internacional Estándar del Libro 84-609-5148-0
080 ## - NÚMERO DE LA CLASIFICACIÓN DECIMAL UNIVERSAL
Número de la Clasificación Decimal Universal 32
100 1# - ENTRADA PRINCIPAL--NOMBRE DE PERSONA
Nombre de persona Esteve Serrano, José Luis.
9 (RLIN) 48151
245 14 - MENCIÓN DEL TÍTULO
Título Una aproximación a la política /
Mención de responsabilidad, etc. José Luis Esteve Serrano ; prólogo de Antonio Jiménez Blanco.
260 ## - PUBLICACIÓN, DISTRIBUCIÓN, ETC.
Lugar de publicación, distribución, etc. Madrid :
Nombre del editor, distribuidor, etc. El Arcón,
Fecha de publicación, distribución, etc. 2005.
300 ## - DESCRIPCIÓN FÍSICA
Extensión 166 p. ;
Dimensiones 21 cm.
650 #7 - PUNTO DE ACCESO ADICIONAL DE MATERIA--TÉRMINO DE MATERIA
Término de materia o nombre geográfico como elemento de entrada Política
Fuente del encabezamiento o término embne
9 (RLIN) 140345
700 1# - ENTRADA AGREGADA--NOMBRE PERSONAL
Nombre de persona Jiménez Blanco, Antonio.
9 (RLIN) 66465
852 ## - LOCALIZACIÓN
Ubicación ES-MaACL
Número de control de estantería G-825
Sublocalización o colección R.136235
Holdings
Estatus retirado Estado de pérdida Estado de daño No para préstamo Biblioteca de origen Biblioteca actual Ubicación en estantería Fecha de adquisición Fuente de adquisición Total de préstamos Signatura topográfica completa Código de barras Visto por última vez Precio de reemplazo Tipo de ítem Koha
        Biblioteca del Ateneo de Madrid Biblioteca del Ateneo de Madrid Depósito 2 17/01/2008     G-825 1098329 23/02/2023 23/02/2023 Libro impreso